000 00523nam a2200157 a 4500
001 000045540
005 20201002052315.0
008 150414s2000 dr 000 0 spa d
040 _aDO-SdBNP
_bspa
_cBNPHU
082 _axxxx
_bxxxx
100 1 _aFortunato Victoria, Andrés R.
_973605
245 1 0 _aNunca te rindas :
_b¡Nunca te rindas! /
_cAndrés R. Fortunato Victoria.
260 _aSanto Domingo :
_bImpretur,
_c2000.
300 _a198 p. ;
_c21 cm.
500 _aIncluye datos del autor en la solapa de la contracubierta.
999 _c45029
_d45029